Wannabe Spice Girls Text - Statistiken

Allgemein
  • Dieses Quiz wurde 44 mal gespielt
  • Das Durchschnittsergebnis liegt bei 317 aus 472
Antwortstatistiken
Wort % Korrekt
I
100%
Yo
100%
you
100%
You
100%
be
97%
G
97%
my
97%
want
94%
me
92%
to
92%
what
92%
a
89%
A
89%
go
89%
love
89%
real
89%
really
89%
wanna
89%
tell
86%
If
83%
ha
81%
Ha
81%
So
81%
got
78%
it
78%
lover
78%
get
75%
Get
75%
have
72%
free
67%
for
64%
give
64%
is
64%
the
64%
do
61%
friends
61%
with
61%
Z
58%
make
56%
Make
56%
never
56%
ends
53%
future
53%
V
53%
we
53%
We
53%
friendship
50%
Friendship
50%
that
50%
too
50%
And
47%
and
47%
easy
47%
Easy
47%
gotta
47%
time
47%
way
47%
But
44%
last
44%
that's
44%
your
44%
don't
42%
forget
42%
past
42%
ah
39%
forever
39%
from
39%
Say
39%
say
39%
together
39%
fast
36%
just
36%
better
33%
I'll
33%
in
33%
Now
33%
feel
31%
know
31%
Taking
31%
then
31%
wasting
31%
fine
25%
here's
25%
how
25%
on
25%
precious
25%
story
25%
who
25%
about
22%
act
22%
Are
22%
as
22%
come
22%
listen
22%
She's
22%
try
22%
all
19%
carefully
19%
could
19%
doesn't
19%
goodbye
19%
like
19%
see
19%
won't
19%
zigazig
19%
Oh
17%
think
17%
you'll
17%
around
14%
Em
11%
handle
11%
lady
11%
MC
11%
Slam
11%
slam
11%
body
8%
face
8%
hasty
8%
likes
8%
place
8%
bug
6%
down
6%
wind
3%
Keine übereinstimmenden Quizze gefunden
Verteilung der Resultate
Anzahl Personen mit jedem Resultat
Perzentil nach korrekt beantworteten Fragen
Ihre Resultats-Entwicklung
Sie haben dieses Quiz noch nicht gespielt